| 000 | 00909nam a2200277 i 4500 | ||
|---|---|---|---|
| 003 | DO-SdBNP | ||
| 005 | 20240723134010.0 | ||
| 007 | ta | ||
| 008 | 240723b2024 dr ||||| |||| 00| 0 spa d | ||
| 020 | _a9789945932553 | ||
| 040 |
_aDO-SdBNP _bspa _cBNPHU _erda |
||
| 082 | 4 |
_aRD863.44 _bD948L _222 |
|
| 100 | 1 |
_aDurán Ureña, Miguelángel, _977977 _eautor |
|
| 245 | 1 | 0 |
_aLibre albedrío / _cMiguelángel Durán Ureña ; corrector de estilo, Carmen Rosa Estrada |
| 264 |
_aLa Vega, Santo Domingo : _bGente, _c2024. |
||
| 300 |
_a131 páginas ; _c23 cm. |
||
| 336 |
_2rdacontent _atexto _btxt |
||
| 337 |
_2rdamedia _asin mediación _bn |
||
| 338 |
_2rdacarrier _avolumen _bnc |
||
| 500 | _aIncluye datos biográficos del autor en las solapas | ||
| 590 | _aInventariado 2024/BT | ||
| 650 | _980984 | ||
| 700 | 1 |
_aEstrada, Carmen Rosa, _ecorrector de estilo _985074 |
|
| 910 | _aBtavárez | ||
| 942 |
_2ddc _cLBS1 |
||
| 999 |
_c57340 _d57340 |
||